000 00478cam a2200193 4500
001 D8927
008 090401t1980 xxu||||| |||| 00| 0 eng d
035 _a(Sirsi) u16208
041 _aeng
050 _a692.5
110 _aDavisBelfield and Everest
_93167
245 _aSpon`s architects` and builders price book 1981
250 _a106th
260 _aLondon
_bE and F N Spon
_c1980
300 _axviii. 572p. 22cm
350 _a10.5
942 _n0
948 _c04/03/1997
999 _c87398
_d87398